| 000 | 01074nam a2200325Ia 4500 | ||
|---|---|---|---|
| 003 | GCL | ||
| 008 | 140319s9999 xx 000 0 ara d | ||
| 040 |
_aGCL / _cGCL |
||
| 082 | 0 | 4 |
_a805 _bد هـ |
| 100 | 1 | _aدار الهلال | |
| 245 | 1 | 0 |
_aالهلال - ديسمبر 1984 / _cدار الهلال |
| 300 | _a178 ص | ||
| 490 |
_aالهيئة العامة للاستعلامات _v0 |
||
| 650 | 0 | 4 | _aالشعر العربى |
| 650 | 0 | 4 | _aالقصص القصيرة |
| 650 | 0 | 4 | _aالدول النامية |
| 650 | 0 | 4 | _aالسيرة النبوية |
| 650 | 0 | 4 | _aالنزاع العربى الاسرائيلى |
| 650 | 0 | 4 | _aحسن فتحى |
| 650 | 0 | 4 | _aالصومال |
| 650 | 0 | 4 | _aالدوريات |
| 650 | 0 | 4 | _aالمدرسة الابتدائية |
| 650 | 0 | 4 | _aالمعلومات، علم |
| 650 | 0 | 4 | _aبايرون |
| 650 | 0 | 4 | _aالجامعة المصرية - تاريخ |
| 650 | 0 | 4 | _aالمخطوطات - العصر الاسلامى |
| 650 | 0 | 4 | _aالاوبرا المصرية - تاريخ |
| 650 | 0 | 4 | _aفتحى غانم |
| 942 |
_2ddc _cBK |
||
| 999 |
_c51603 _d51603 |
||